<?xml version="1.0" encoding="UTF-8"?>
<record
    xmlns:xsi="http://www.w3.org/2001/XMLSchema-instance"
    xsi:schemaLocation="http://www.loc.gov/MARC21/slim http://www.loc.gov/standards/marcxml/schema/MARC21slim.xsd"
    xmlns="http://www.loc.gov/MARC21/slim">

  <leader>04921ncm0a22004811  4500</leader>
  <controlfield tag="001">RU\NLR\ONIZ\198419</controlfield>
  <controlfield tag="005">20250624194809.0</controlfield>
  <datafield tag="035" ind1=" " ind2=" ">
    <subfield code="a">RU\NLR\ONIZ\NATA\5000006009\20140619142432</subfield>
  </datafield>
  <datafield tag="035" ind1=" " ind2=" ">
    <subfield code="a">(NLR Aleph) 010889029</subfield>
  </datafield>
  <datafield tag="071" ind1="2" ind2="0">
    <subfield code="a">&#x441; 2711 &#x43A;</subfield>
  </datafield>
  <datafield tag="090" ind1=" " ind2=" ">
    <subfield code="a">10541850</subfield>
    <subfield code="c">10541850</subfield>
  </datafield>
  <datafield tag="100" ind1=" " ind2=" ">
    <subfield code="a">20140619d1999    |||y0rusy50      ca</subfield>
  </datafield>
  <datafield tag="101" ind1="0" ind2=" ">
    <subfield code="a">eng</subfield>
    <subfield code="a">rus</subfield>
  </datafield>
  <datafield tag="102" ind1=" " ind2=" ">
    <subfield code="a">RU</subfield>
  </datafield>
  <datafield tag="125" ind1=" " ind2=" ">
    <subfield code="a">ax</subfield>
  </datafield>
  <datafield tag="145" ind1="0" ind2=" ">
    <subfield code="a">c</subfield>
  </datafield>
  <datafield tag="200" ind1="1" ind2=" ">
    <subfield code="a">&#x418;&#x437; &#x412;&#x435;&#x442;&#x445;&#x43E;&#x433;&#x43E; &#x417;&#x430;&#x432;&#x435;&#x442;&#x430;</subfield>
    <subfield code="b">&#x41D;&#x43E;&#x442;&#x44B;</subfield>
    <subfield code="d">From The Old Testament</subfield>
    <subfield code="f">&#x421;. &#x421;&#x43B;&#x43E;&#x43D;&#x438;&#x43C;&#x441;&#x43A;&#x438;&#x439;</subfield>
    <subfield code="z">eng</subfield>
  </datafield>
  <datafield tag="208" ind1=" " ind2=" ">
    <subfield code="a">&#x41F;&#x430;&#x440;&#x442;&#x438;&#x442;&#x443;&#x440;&#x430;</subfield>
    <subfield code="d">Score</subfield>
  </datafield>
  <datafield tag="210" ind1=" " ind2=" ">
    <subfield code="a">&#x421;&#x430;&#x43D;&#x43A;&#x442;-&#x41F;&#x435;&#x442;&#x435;&#x440;&#x431;&#x443;&#x440;&#x433;</subfield>
    <subfield code="c">&#x41A;&#x43E;&#x43C;&#x43F;&#x43E;&#x437;&#x438;&#x442;&#x43E;&#x440; - &#x421;&#x430;&#x43D;&#x43A;&#x442;-&#x41F;&#x435;&#x442;&#x435;&#x440;&#x431;&#x443;&#x440;&#x433;</subfield>
    <subfield code="d">cop. 1999</subfield>
  </datafield>
  <datafield tag="215" ind1=" " ind2=" ">
    <subfield code="a">75 &#x441;.</subfield>
    <subfield code="d">29 &#x441;&#x43C;</subfield>
  </datafield>
  <datafield tag="313" ind1=" " ind2=" ">
    <subfield code="a">&#x421;&#x438;&#x441;&#x442;&#x435;&#x43C;&#x430;&#x442;&#x438;&#x437;&#x430;&#x446;&#x438;&#x44F; &#x434;&#x43E;&#x43A;&#x443;&#x43C;&#x435;&#x43D;&#x442;&#x430; &#x43F;&#x440;&#x43E;&#x432;&#x435;&#x434;&#x435;&#x43D;&#x430; &#x43F;&#x43E; &#x438;&#x437;&#x434;&#x430;&#x43D;&#x438;&#x44E; - &#x41C;&#x435;&#x442;&#x43E;&#x434;&#x438;&#x43A;&#x430; &#x43A;&#x43B;&#x430;&#x441;&#x441;&#x438;&#x444;&#x438;&#x446;&#x438;&#x440;&#x43E;&#x432;&#x430;&#x43D;&#x438;&#x44F; &#x43C;&#x443;&#x437;&#x44B;&#x43A;&#x430;&#x43B;&#x44C;&#x43D;&#x44B;&#x445; &#x43F;&#x440;&#x43E;&#x438;&#x437;&#x432;&#x435;&#x434;&#x435;&#x43D;&#x438;&#x439; (&#x43D;&#x43E;&#x442;&#x43D;&#x44B;&#x445; &#x438;&#x437;&#x434;&#x430;&#x43D;&#x438;&#x439;) &#x43F;&#x43E; &#x442;&#x430;&#x431;&#x43B;&#x438;&#x446;&#x430;&#x43C; &#x411;&#x438;&#x431;&#x43B;&#x438;&#x43E;&#x442;&#x435;&#x447;&#x43D;&#x43E;-&#x431;&#x438;&#x431;&#x43B;&#x438;&#x43E;&#x433;&#x440;&#x430;&#x444;&#x438;&#x447;&#x435;&#x441;&#x43A;&#x438;&#x445; &#x43A;&#x43B;&#x430;&#x441;&#x441;&#x438;&#x444;&#x438;&#x43A;&#x430;&#x446;&#x438;&#x439; : &#x43C;&#x435;&#x442;&#x43E;&#x434;. &#x440;&#x435;&#x43A;&#x43E;&#x43C;&#x435;&#x43D;&#x434;&#x430;&#x446;&#x438;&#x438; / &#x413;&#x43E;&#x441;. &#x431;-&#x43A;&#x430; &#x421;&#x421;&#x421;&#x420; &#x438;&#x43C;. &#x412;.&#x418;. &#x41B;&#x435;&#x43D;&#x438;&#x43D;&#x430;.- &#x41C;., 1977. &#x418;&#x43D;&#x434;&#x435;&#x43A;&#x441;&#x443; &#x411;&#x411;&#x41A; &#x43C;&#x435;&#x442;&#x43E;&#x434;&#x438;&#x447;&#x435;&#x441;&#x43A;&#x438;&#x445; &#x440;&#x435;&#x43A;&#x43E;&#x43C;&#x435;&#x43D;&#x434;&#x430;&#x446;&#x438;&#x439; &#x43F;&#x440;&#x438;&#x441;&#x432;&#x430;&#x438;&#x432;&#x430;&#x435;&#x442;&#x441;&#x44F; &#x43A;&#x43E;&#x434; &#x411;&#x411;&#x41A; &#x434;&#x43B;&#x44F; &#x43D;&#x430;&#x443;&#x447;&#x43D;&#x44B;&#x445; &#x431;&#x438;&#x431;&#x43B;&#x438;&#x43E;&#x442;&#x435;&#x43A; - LBC/SL</subfield>
  </datafield>
  <datafield tag="327" ind1="1" ind2=" ">
    <subfield code="a">&#x41F;&#x441;&#x430;&#x43B;&#x43C;&#x44B; &#x414;&#x430;&#x432;&#x438;&#x434;&#x430; : &#x43C;&#x43E;&#x43D;&#x43E;&#x43B;&#x43E;&#x433;&#x438; : &#x434;&#x43B;&#x44F; &#x432;&#x44B;&#x441;&#x43E;&#x43A;&#x43E;&#x433;&#x43E; &#x433;&#x43E;&#x43B;&#x43E;&#x441;&#x430;, &#x433;&#x43E;&#x431;&#x43E;&#x44F;, &#x432;&#x430;&#x43B;&#x442;&#x43E;&#x440;&#x43D;&#x44B; &#x438; &#x430;&#x440;&#x444;&#x44B; : 1968 (1. &#x420;&#x430;&#x437;&#x433;&#x43E;&#x432;&#x43E;&#x440; &#x441; &#x434;&#x443;&#x448;&#x43E;&#x439; : "&#x41A;&#x430;&#x43A; &#x43B;&#x430;&#x43D;&#x44C; &#x441;&#x442;&#x440;&#x435;&#x43C;&#x438;&#x442;&#x441;&#x44F; &#x43A; &#x43F;&#x43E;&#x442;&#x43E;&#x43A;&#x430;&#x43C; &#x432;&#x43E;&#x434;..." ;</subfield>
    <subfield code="a">2. &#x413;&#x43E;&#x441;&#x43F;&#x43E;&#x434;&#x438;, &#x43D;&#x435; &#x432; &#x433;&#x43D;&#x435;&#x432;&#x435; &#x442;&#x432;&#x43E;&#x435;&#x43C;...) / &#x43A;&#x43E;&#x43C;&#x43F;&#x43E;&#x437;&#x438;&#x446;&#x438;&#x44F; &#x442;&#x435;&#x43A;&#x441;&#x442;&#x43E;&#x432; &#x42F;. &#x414;&#x440;&#x443;&#x441;&#x43A;&#x438;&#x43D;&#x430; ;</subfield>
    <subfield code="a">&#x41F;&#x435;&#x441;&#x43D;&#x44C; &#x43F;&#x435;&#x441;&#x43D;&#x435;&#x439; &#x421;&#x43E;&#x43B;&#x43E;&#x43C;&#x43E;&#x43D;&#x430; : &#x43B;&#x438;&#x440;. &#x444;&#x440;&#x430;&#x433;&#x43C;&#x435;&#x43D;&#x442; : &#x434;&#x43B;&#x44F; &#x441;&#x43E;&#x43F;&#x440;&#x430;&#x43D;&#x43E;, &#x442;&#x435;&#x43D;&#x43E;&#x440;&#x430;, &#x43A;&#x430;&#x43C;&#x435;&#x440;. &#x445;&#x43E;&#x440;&#x430;, &#x433;&#x43E;&#x431;&#x43E;&#x44F;, &#x432;&#x430;&#x43B;&#x442;&#x43E;&#x440;&#x43D;&#x44B; &#x438; &#x430;&#x440;&#x444;&#x44B; : 1975 / &#x43F;&#x435;&#x440;. &#x418;. &#x414;&#x44C;&#x44F;&#x43A;&#x43E;&#x43D;&#x43E;&#x432;&#x430;</subfield>
  </datafield>
  <datafield tag="464" ind1=" " ind2="0">
    <subfield code="1">2001#$a&#x413;&#x43E;&#x441;&#x43F;&#x43E;&#x434;&#x438;, &#x43D;&#x435; &#x432; &#x433;&#x43D;&#x435;&#x432;&#x435; &#x442;&#x432;&#x43E;&#x435;&#x43C;...</subfield>
    <subfield code="1">215##$a&#x421;.12-48</subfield>
    <subfield code="t">&#x413;&#x43E;&#x441;&#x43F;&#x43E;&#x434;&#x438;, &#x43D;&#x435; &#x432; &#x433;&#x43D;&#x435;&#x432;&#x435; &#x442;&#x432;&#x43E;&#x435;&#x43C;...</subfield>
  </datafield>
  <datafield tag="464" ind1=" " ind2="0">
    <subfield code="1">2001#$a&#x41F;&#x435;&#x441;&#x43D;&#x44C; &#x43F;&#x435;&#x441;&#x43D;&#x435;&#x439; &#x421;&#x43E;&#x43B;&#x43E;&#x43C;&#x43E;&#x43D;&#x430;$e&#x43B;&#x438;&#x440;. &#x444;&#x440;&#x430;&#x433;&#x43C;&#x435;&#x43D;&#x442;$e&#x434;&#x43B;&#x44F; &#x441;&#x43E;&#x43F;&#x440;&#x430;&#x43D;&#x43E;, &#x442;&#x435;&#x43D;&#x43E;&#x440;&#x430;, &#x43A;&#x430;&#x43C;&#x435;&#x440;. &#x445;&#x43E;&#x440;&#x430;, &#x433;&#x43E;&#x431;&#x43E;&#x44F;, &#x432;&#x430;&#x43B;&#x442;&#x43E;&#x440;&#x43D;&#x44B; &#x438; &#x430;&#x440;&#x444;&#x44B;$e1975$f&#x43F;&#x435;&#x440;. &#x418;. &#x414;&#x44C;&#x44F;&#x43A;&#x43E;&#x43D;&#x43E;&#x432;&#x430;</subfield>
    <subfield code="1">215##$a&#x421;.49-75</subfield>
    <subfield code="1">600#0$a&#x421;&#x43E;&#x43B;&#x43E;&#x43C;&#x43E;&#x43D;$f&#x446;&#x430;&#x440;&#x441;&#x442;&#x432;&#x43E;&#x432;&#x430;&#x43B; &#x432; 965-928 &#x434;&#x43E; &#x43D;. &#x44D;.$c&#x446;&#x430;&#x440;&#x44C; &#x435;&#x432;&#x440;.$x&#x41C;&#x443;&#x437;&#x44B;&#x43A;&#x430;&#x43B;&#x44C;&#x43D;&#x44B;&#x435; &#x438;&#x43D;&#x442;&#x435;&#x440;&#x43F;&#x440;&#x435;&#x442;&#x430;&#x446;&#x438;&#x438;$x&#x41D;&#x43E;&#x442;&#x44B;$2nlr_sh$7ba</subfield>
    <subfield code="1">605##$a&#x411;&#x438;&#x431;&#x43B;&#x438;&#x44F;. &#x41F;&#x435;&#x440;&#x441;&#x43E;&#x43D;&#x430;&#x436;&#x438;$x&#x41C;&#x443;&#x437;&#x44B;&#x43A;&#x430;&#x43B;&#x44C;&#x43D;&#x44B;&#x435; &#x438;&#x43D;&#x442;&#x435;&#x440;&#x43F;&#x440;&#x435;&#x442;&#x430;&#x446;&#x438;&#x438;$x&#x41D;&#x43E;&#x442;&#x44B;$2nlr_sh</subfield>
    <subfield code="1">686##$a&#x429;963(2&#x420;=&#x420;)&#x41F;&#x41D;&#x43D;$vLBC/SL$2rubbk</subfield>
    <subfield code="1">702#1$9z01790$a&#x414;&#x44C;&#x44F;&#x43A;&#x43E;&#x43D;&#x43E;&#x432;$b&#x418;. &#x41C;.$g&#x418;&#x433;&#x43E;&#x440;&#x44C; &#x41C;&#x438;&#x445;&#x430;&#x439;&#x43B;&#x43E;&#x432;&#x438;&#x447;$f1914-1999$4730</subfield>
    <subfield code="1">790#1$9z01702$aD`yakonov$bI. M.$gIgor Mixajlovich$f1914-1999$4730</subfield>
    <subfield code="t">&#x41F;&#x435;&#x441;&#x43D;&#x44C; &#x43F;&#x435;&#x441;&#x43D;&#x435;&#x439; &#x421;&#x43E;&#x43B;&#x43E;&#x43C;&#x43E;&#x43D;&#x430;</subfield>
  </datafield>
  <datafield tag="464" ind1=" " ind2="0">
    <subfield code="1">2001#$a&#x41F;&#x441;&#x430;&#x43B;&#x43C;&#x44B; &#x414;&#x430;&#x432;&#x438;&#x434;&#x430;$e&#x43C;&#x43E;&#x43D;&#x43E;&#x43B;&#x43E;&#x433;&#x438;$e&#x434;&#x43B;&#x44F; &#x432;&#x44B;&#x441;&#x43E;&#x43A;&#x43E;&#x433;&#x43E; &#x433;&#x43E;&#x43B;&#x43E;&#x441;&#x430;, &#x433;&#x43E;&#x431;&#x43E;&#x44F;, &#x432;&#x430;&#x43B;&#x442;&#x43E;&#x440;&#x43D;&#x44B; &#x438; &#x430;&#x440;&#x444;&#x44B;$e1968$f&#x43A;&#x43E;&#x43C;&#x43F;&#x43E;&#x437;&#x438;&#x446;&#x438;&#x44F; &#x442;&#x435;&#x43A;&#x441;&#x442;&#x43E;&#x432; &#x42F;. &#x414;&#x440;&#x443;&#x441;&#x43A;&#x438;&#x43D;&#x430;</subfield>
    <subfield code="1">205##$a&#x424;&#x430;&#x43A;&#x441;. &#x438;&#x437;&#x434;.</subfield>
    <subfield code="1">215##$a&#x421;.1-48</subfield>
    <subfield code="1">600#0$a&#x414;&#x430;&#x432;&#x438;&#x434;$f&#x43E;&#x43A;. 1005-965 &#x434;&#x43E; &#x43D;. &#x44D;.$c&#x446;&#x430;&#x440;&#x44C; &#x418;&#x437;&#x440;&#x430;&#x438;&#x43B;&#x44F;$x&#x41C;&#x443;&#x437;&#x44B;&#x43A;&#x430;&#x43B;&#x44C;&#x43D;&#x44B;&#x435; &#x438;&#x43D;&#x442;&#x435;&#x440;&#x43F;&#x440;&#x435;&#x442;&#x430;&#x446;&#x438;&#x438;$2nlr_sh$7ba</subfield>
    <subfield code="1">605##$a&#x411;&#x438;&#x431;&#x43B;&#x438;&#x44F;. &#x41F;&#x435;&#x440;&#x441;&#x43E;&#x43D;&#x430;&#x436;&#x438;$x&#x41C;&#x443;&#x437;&#x44B;&#x43A;&#x430;&#x43B;&#x44C;&#x43D;&#x44B;&#x435; &#x438;&#x43D;&#x442;&#x435;&#x440;&#x43F;&#x440;&#x435;&#x442;&#x430;&#x446;&#x438;&#x438;$x&#x41D;&#x43E;&#x442;&#x44B;$2nlr_sh</subfield>
    <subfield code="1">608##$a&#x412;&#x43E;&#x43A;&#x430;&#x43B;&#x44C;&#x43D;&#x44B;&#x439; &#x446;&#x438;&#x43A;&#x43B;$x&#x41D;&#x43E;&#x442;&#x44B;$y&#x420;&#x43E;&#x441;&#x441;&#x438;&#x44F;$z20-21 &#x432;&#x432;.$2nlr_sh</subfield>
    <subfield code="1">686##$a&#x429;943.1-2-043.2(2&#x420;=&#x420;)&#x41F;&#x41D;&#x43D;$vLBC/SL$2rubbk</subfield>
    <subfield code="1">702#1$9z01790$a&#x414;&#x440;&#x443;&#x441;&#x43A;&#x438;&#x43D;$b&#x42F;. &#x421;.$g&#x42F;&#x43A;&#x43E;&#x432; &#x421;&#x435;&#x43C;&#x451;&#x43D;&#x43E;&#x432;&#x438;&#x447;$f1901-1980$4220$4520</subfield>
    <subfield code="1">790#1$9z01702$aDruskin$bY. S.$gYakov Semyonovich$f1901-1980$4220$4520</subfield>
    <subfield code="t">&#x41F;&#x441;&#x430;&#x43B;&#x43C;&#x44B; &#x414;&#x430;&#x432;&#x438;&#x434;&#x430;</subfield>
  </datafield>
  <datafield tag="464" ind1=" " ind2="0">
    <subfield code="1">2001#$a&#x420;&#x430;&#x437;&#x433;&#x43E;&#x432;&#x43E;&#x440; &#x441; &#x434;&#x443;&#x448;&#x43E;&#x439;$e"&#x41A;&#x430;&#x43A; &#x43B;&#x430;&#x43D;&#x44C; &#x441;&#x442;&#x440;&#x435;&#x43C;&#x438;&#x442;&#x441;&#x44F; &#x43A; &#x43F;&#x43E;&#x442;&#x43E;&#x43A;&#x430;&#x43C; &#x432;&#x43E;&#x434;..."</subfield>
    <subfield code="1">215##$a&#x421;.1-11</subfield>
    <subfield code="t">&#x420;&#x430;&#x437;&#x433;&#x43E;&#x432;&#x43E;&#x440; &#x441; &#x434;&#x443;&#x448;&#x43E;&#x439;</subfield>
  </datafield>
  <datafield tag="605" ind1=" " ind2=" ">
    <subfield code="a">&#x411;&#x438;&#x431;&#x43B;&#x438;&#x44F;</subfield>
    <subfield code="x">&#x41C;&#x443;&#x437;&#x44B;&#x43A;&#x430;&#x43B;&#x44C;&#x43D;&#x44B;&#x435; &#x438;&#x43D;&#x442;&#x435;&#x440;&#x43F;&#x440;&#x435;&#x442;&#x430;&#x446;&#x438;&#x438;</subfield>
    <subfield code="x">&#x41D;&#x43E;&#x442;&#x44B;</subfield>
    <subfield code="i">&#x412;&#x435;&#x442;&#x445;&#x438;&#x439; &#x417;&#x430;&#x432;&#x435;&#x442;</subfield>
    <subfield code="i">&#x41F;&#x435;&#x441;&#x43D;&#x44C; &#x43F;&#x435;&#x441;&#x43D;&#x435;&#x439;</subfield>
    <subfield code="2">nlr_sh</subfield>
  </datafield>
  <datafield tag="605" ind1=" " ind2=" ">
    <subfield code="a">&#x411;&#x438;&#x431;&#x43B;&#x438;&#x44F;</subfield>
    <subfield code="x">&#x41C;&#x443;&#x437;&#x44B;&#x43A;&#x430;&#x43B;&#x44C;&#x43D;&#x44B;&#x435; &#x438;&#x43D;&#x442;&#x435;&#x440;&#x43F;&#x440;&#x435;&#x442;&#x430;&#x446;&#x438;&#x438;</subfield>
    <subfield code="x">&#x41D;&#x43E;&#x442;&#x44B;</subfield>
    <subfield code="i">&#x412;&#x435;&#x442;&#x445;&#x438;&#x439; &#x417;&#x430;&#x432;&#x435;&#x442;</subfield>
    <subfield code="i">&#x41F;&#x441;&#x430;&#x43B;&#x442;&#x44B;&#x440;&#x44C;</subfield>
    <subfield code="2">nlr_sh</subfield>
  </datafield>
  <datafield tag="605" ind1=" " ind2=" ">
    <subfield code="a">&#x411;&#x438;&#x431;&#x43B;&#x438;&#x44F;</subfield>
    <subfield code="x">&#x41F;&#x435;&#x440;&#x441;&#x43E;&#x43D;&#x430;&#x436;&#x438;</subfield>
    <subfield code="2">nlr_sh1</subfield>
  </datafield>
  <datafield tag="605" ind1=" " ind2=" ">
    <subfield code="a">&#x411;&#x438;&#x431;&#x43B;&#x438;&#x44F;. &#x412;&#x435;&#x442;&#x445;&#x438;&#x439; &#x417;&#x430;&#x432;&#x435;&#x442;</subfield>
    <subfield code="x">&#x41C;&#x443;&#x437;&#x44B;&#x43A;&#x430;&#x43B;&#x44C;&#x43D;&#x44B;&#x435; &#x438;&#x43D;&#x442;&#x435;&#x440;&#x43F;&#x440;&#x435;&#x442;&#x430;&#x446;&#x438;&#x438;</subfield>
    <subfield code="x">&#x41D;&#x43E;&#x442;&#x44B;</subfield>
    <subfield code="2">nlr_sh</subfield>
  </datafield>
  <datafield tag="606" ind1="1" ind2=" ">
    <subfield code="a">&#x412;&#x43E;&#x43A;&#x430;&#x43B;&#x44C;&#x43D;&#x43E;-&#x441;&#x438;&#x43C;&#x444;&#x43E;&#x43D;&#x438;&#x447;&#x435;&#x441;&#x43A;&#x430;&#x44F; &#x43C;&#x443;&#x437;&#x44B;&#x43A;&#x430;</subfield>
    <subfield code="x">&#x41F;&#x430;&#x440;&#x442;&#x438;&#x442;&#x443;&#x440;&#x44B;</subfield>
    <subfield code="y">&#x420;&#x43E;&#x441;&#x441;&#x438;&#x44F;</subfield>
    <subfield code="z">20 &#x432;&#x435;&#x43A;</subfield>
    <subfield code="2">nlr_sh</subfield>
  </datafield>
  <datafield tag="686" ind1=" " ind2=" ">
    <subfield code="a">&#x429;94-2&#x44F;44(2&#x420;=&#x420;)&#x41F;&#x41D;&#x43D;</subfield>
    <subfield code="v">LBC/SL</subfield>
    <subfield code="2">rubbk</subfield>
  </datafield>
  <datafield tag="686" ind1=" " ind2=" ">
    <subfield code="a">&#x429;96&#x44F;44(2&#x420;=&#x420;)&#x41F;&#x41D;&#x43D;</subfield>
    <subfield code="v">LBC/SL</subfield>
    <subfield code="2">rubbk</subfield>
  </datafield>
  <datafield tag="700" ind1=" " ind2="1">
    <subfield code="4">230</subfield>
    <subfield code="7">ca</subfield>
    <subfield code="8">rus</subfield>
    <subfield code="a">&#x421;&#x43B;&#x43E;&#x43D;&#x438;&#x43C;&#x441;&#x43A;&#x438;&#x439;</subfield>
    <subfield code="b">&#x421;. &#x41C;.</subfield>
    <subfield code="f">1932-2020</subfield>
    <subfield code="g">&#x421;&#x435;&#x440;&#x433;&#x435;&#x439; &#x41C;&#x438;&#x445;&#x430;&#x439;&#x43B;&#x43E;&#x432;&#x438;&#x447;</subfield>
    <subfield code="9">269629</subfield>
    <subfield code="3">RU\NLR\AUTH\770269685</subfield>
  </datafield>
  <datafield tag="790" ind1=" " ind2="1">
    <subfield code="9">z01700</subfield>
    <subfield code="a">Slonimskij</subfield>
    <subfield code="b">S. M.</subfield>
    <subfield code="f">1932-</subfield>
    <subfield code="g">Sergej Mihajlovich</subfield>
    <subfield code="4">230</subfield>
  </datafield>
  <datafield tag="801" ind1=" " ind2="0">
    <subfield code="a">RU</subfield>
    <subfield code="b">NLR</subfield>
    <subfield code="c">20140619</subfield>
    <subfield code="g">PSBO</subfield>
  </datafield>
  <datafield tag="801" ind1=" " ind2="1">
    <subfield code="a">RU</subfield>
    <subfield code="b">NLR</subfield>
    <subfield code="c">20140619</subfield>
    <subfield code="2">rusmarc</subfield>
  </datafield>
  <datafield tag="801" ind1=" " ind2="2">
    <subfield code="a">RU</subfield>
    <subfield code="b">NLR</subfield>
    <subfield code="c">20151109</subfield>
  </datafield>
  <datafield tag="852" ind1=" " ind2=" ">
    <subfield code="a">NLR</subfield>
    <subfield code="b">&#x41C;</subfield>
    <subfield code="j">&#x41A;-3/26336</subfield>
    <subfield code="p">278835</subfield>
    <subfield code="t">1</subfield>
  </datafield>
  <datafield tag="942" ind1=" " ind2=" ">
    <subfield code="c">SCORE</subfield>
  </datafield>
  <datafield tag="980" ind1=" " ind2=" ">
    <subfield code="a">NB</subfield>
  </datafield>
  <datafield tag="980" ind1=" " ind2=" ">
    <subfield code="a">ONIZ</subfield>
  </datafield>
  <datafield tag="995" ind1=" " ind2=" ">
    <subfield code="5">2014-06-19</subfield>
    <subfield code="b">NLR01</subfield>
    <subfield code="c">NLR01</subfield>
    <subfield code="e">ONIZ</subfield>
    <subfield code="k">&#x41A;-3/26336 &#x41A;-3/26336</subfield>
    <subfield code="o">0</subfield>
    <subfield code="r">SCORE</subfield>
    <subfield code="s">326336_326336</subfield>
  </datafield>
</record>
